LEADER 00945nam2 22002772 450 001 000003348 005 20050630115900.0 100 $a--------d2000----km-y0itay50------ba 101 $aita 102 $aIT 200 1 $a3. 210 $aSassari$c[s.n.]$d2000 215 $aVol. 3: 299 p.$cill.$d24 cm 300 $aIn testa al front.: Università degli studi di Sassari; SIM, Società italiana di merceologia 461 1$1001000003345$12001$aLa sfida del 3. millennio$vvolume 3 517 1 $a<>sfida per il terzo millennio 610 1 $aMerceologia$aCongressi$a2000 676 $a660.0688 710 12$aCongresso nazionale di merceologia <19.; 2000; Sassari-Alghero>$0434909 712 02$aUniversità degli studi 712 02$aSocietà italiana di merceologia 801 0$aIT $bUNIPARTHENOPE $gRICA $2UNIMARC 912 $a000003348 951 $cNAVA1$a660-C/1 (III)$b34999$d20011219 996 $a3$91223699 997 $aUNIPARTHENOPE LEADER 00962cam0-2200337---450- 001 990008390390403321 005 20160331160406.0 010 $a84-505-5447-0 035 $a000839039 035 $aFED01000839039 035 $a(Aleph)000839039FED01 035 $a000839039 100 $a20061003d1987----km-y0itay50------ba 101 0 $aspa 102 $aES 105 $aa---a---001yy 200 1 $aMitos, folklore y literatura$fJuan Cueto, Aurora Egido ... [et al.] 210 $a[Zaragoza]$cCaja de Ahorros y Monte de Piedad$d[1987] 215 $a143 p.$cill.$d25 cm 610 0 $aMiti in letteratura 610 0 $aLetteratura e folklore 676 $a809.9337$v21$zita 702 1$aCueto,$bJuan 702 1$aEgido,$bAurora 801 0$aIT$bUNINA$gRICA$2UNIMARC 901 $aBK 912 $a990008390390403321 952 $a809.9337 CUE 1$bDip.f.m.3893$fFLFBC 959 $aFLFBC 996 $aMitos, folklore y literatura$9724161 997 $aUNINA